000 00743nam a2200241 a 4500
001 64508
003 BD-RjUL
005 20211209081321.0
008 170215s1956 ii b b 001 0beng
035 _a(BD-RjUL)64638
040 _dCStRLIN
_aBD-RjUL
_beng
_cBD-RjUL
041 _aeng
082 _a954.030954
_bVIL 1956
_223
100 1 _aDas Gupta, Hemendra Nath
_9191354
245 1 0 _aSubhas Chandra /
_cHemendra Nath Das Gupta
260 _aNew York :
_bCornell University press,
_cc1956
300 _a169 p. ;
_c22 cm.
500 _aIncludes index.
600 1 0 _aBose, Subhas Chandra,
_d1897-1945.
_9191356
650 _aPolitics and government
_9173444
651 0 _aIndia
_xPolitics and government
_y1919-1947.
_977393
942 _2ddc
_cBK
999 _c64508
_d64508